Complète la carrière 3 - Statistiques

Statistiques générales
  • Ce quiz a été pris 117 fois
  • Le résultat moyen est 6 sur 15
Statistiques - réponses
Joueur Club 1 Club 2 Club 3 % Correct
Di maria Benfica Manchester united Real Madrid
98%
Dembele Barcelone Dortmund Stade Rennais
88%
Courtois Genk Chelsea Atletico
70%
Guirassy Amiens Stade Rennais Stuttgart
66%
Medina River Plate Talleres Lens
48%
Minamino Salzburg Southampton LIverpool
44%
Hojlund Copenhague Sturm Graz Atalanta
41%
Odegaard Arsenal Real Madrid Real Sociedad
39%
Tonali Newcastle AC Milan Brescia
23%
Undav Meppen Union Saint Gilloise Brighton
16%
Halilovic Hamburg Standard de Liège AC Milan
12%
Zirkzee Bayern Anderlecht Parme
11%
Perisic Roselaer Sochaux Bruges
4%
Zakaria Servette fc Young Boys Borussia M'gladbach
1%
Kubo Mallorque Real Madrid FC Tokyo
1%
Aucun quiz correspondant
Distribution des résultats
% des personnes avec chaque résultat
Percentile par nombre de réponses
Votre historique - résultats
Vous n’avez pas pris ce quiz